| 000 | 01047cam a2200289 a 4500 | ||
|---|---|---|---|
| 001 | 15659056 | ||
| 005 | 20180309074001.0 | ||
| 008 | 090313s2010 dcua b 001 0 eng | ||
| 010 | _a 2009010391 | ||
| 020 | _a9781433805592 | ||
| 020 | _a1433805596 | ||
| 020 | _a9781433805615 (softcover) | ||
| 020 | _a1433805618 (softcover) | ||
| 020 | _a9781433805622 (spiral bound) | ||
| 020 | _a1433805626 (spiral bound) | ||
| 040 |
_aDLC _cDLC _dDLC |
||
| 041 | _aeng | ||
| 080 | _a808.06615 MAC | ||
| 082 | 0 | 0 |
_a808.06615 MAC _222 |
| 100 | _a48 | ||
| 101 | _aPSI | ||
| 245 | 0 | 0 | _aPublication manual of the American Psychological Association. |
| 504 | _aIncludes bibliographical references (p. 255-257) and index. | ||
| 906 |
_a7 _bcbc _corignew _d1 _eecip _f20 _gy-gencatlg |
||
| 942 |
_2ddc _cBK |
||
| 999 |
_c44589 _d44589 |
||